000 00729nam a2200217 a 4500
999 _c11010
_d11010
001 11010
003 BD-JhCC
005 20190723091727.0
008 190623s2018 bg |||| |||| 000 0 ben d
020 _a978984900080803
035 _a(BD-JhCC)11010
040 _aBD-JhCC
_dBD-JhCC
041 _aben
082 _a891.442
_bBAU 2018
100 _aবল, কুমার প্রীতীশ
245 _aমুক্তিযুদ্ধের ১০ নাটক /
_cকুমার প্রীতীশ বল,
260 _aঢাকা :
_bন্যাশনাল পাবলিকেশন,
_c২০১৮.
300 _a৩৩৫ পৃ. :
_c২১ সেমি.
650 _aHistorical Drama
942 _2ddc
_cBK